00257nam a2200109Ia 4500100001800000654001500018245003200033260004400065082001800109300000800127546001200135 aRabacy/Jan M  aintegrated aDigital integrated circuits bPrentice Hall of IndiaaNew Delhic2003 a621.3815bRAB a761 aENGLISH